01764ngm a2200325 a 450000500170000000800410001708200180005811000360007624500880011225000180020030000540021849000280027250000140030050000180031452005600033252100380089254600520093065000550098265000650103765000720110270000320117474000460120694200130125226400350126533600270130033700330132733800280136004000350138899900150142320220317001435.0161108s9999 xx 000 0 und d04a612.835bD37c aDiscovery Communications97303100aCuerpo humano al límitebel cerebrocDiscovery Communicationshvideodisco digital a1a. edición a1 DVD (60 minutos)bsonido, color, digitalc12 cm aDiscovery en la escuela aMultizona aDolby Digital aLa fuerza que nos mueve proviene del órgano más poderoso del mundo: El cerebro humano. Nuestra unidad de procesamiento central genera la misma cantidad de impulsos eléctricos en un día que todos los teléfonos del mundo juntos. Gracias a imágenes de última tecnología de ésta compleja y misteriosa máquina, podremos observar cómo la actividad del cerebro se acelera cuando enfrentamos situaciones peligrosas o de máximo estrés, y exploraremos sus capas más profundas para desentrañar instintos de supervivencia prehistóricos aRecomendado para todas las edades aAudio en inglés con subtítulos en español142LEMBaCerebrovDocumentalesvVideodiscos digitales142LEMBaAnatomía humanavDocumentalesvVideodiscos digitales142LEMBaSistema nervioso centralvDocumentalesxVideodiscos digitales1 aClifton, Dandeditor973034 aHuman body pushing the limits : the brain 2ddccDVD aBogotábMS Tv & Videosc2014 atextobtxt2rdacontent asin mediaciónbn2rdamedia avolumenbnc2rdacarrier aCO-BoRNBPbspaerdacCO-BoRNBP c6986d6986